000 00456nam a2200193Ia 4500
005 20240823040735.0
008 240823s9999||||xx |||||||||||||| ||und||
020 _a978-0-19-954054-9
041 _aENGLISH
082 _A100 P8
100 _aBoethius
245 4 _aThe Consolation of Philosophy
250 _a1st
260 _c2008
_bOxford University
_aNew Delhi
500 _aYES
650 _aGeneral
_bGeneral
942 _cBK
999 _c203837
_d203837